00616nam a22001817a 450000500170000001000150001702000260003203500140005803700130007208200130008510000250009824501190012326000540024227000770029630000190037370000210039270000210041320220701161413.0 aENG-133421 a9789391370336c595.00 aEN-116753 bDBAD/PUB a658.4063 aPingali, Srinivas R. aDigital Transformation Strategies:bTheory and Practice/cSrinivas R. Pingali, Shankar Prakash and Jyothi R. Korem aNew DelhibSage Publications India Pvt. Ltdc2021 aB1/I-I Mohan Cooperative Industrial Area Mathura RoadbNew Delhie110044 avp.c23cm(pbk) aPrakash, Shankar aKorem, Jyothi R.